| 000 | 00753nam a22002297a 4500 | ||
|---|---|---|---|
| 005 | 20160823120436.0 | ||
| 010 | _a1516EN07 B-598875-906 ENG-115776 | ||
| 020 |
_a9788131528358 _c775.00 |
||
| 020 |
_a8131528359 _c775.00 |
||
| 035 | _aB-598875-906 | ||
| 035 | _aEN-99308 | ||
| 037 |
_adpl _bDBAD/PUB |
||
| 082 | _a530 | ||
| 100 | _aSharma, B.M. | ||
| 245 |
_aPhysics for: jee main/ _cby B.M.Sharma |
||
| 250 | _a2nd ed. | ||
| 260 |
_a Delhi _bCengage Learning India _c2015 |
||
| 270 |
_a418, F.I.E., Patparganj _bDelhi _e110092 |
||
| 300 |
_av.p. _c27cm(pbk) _bill. |
||
| 942 |
_2ddc _cEN _h530 _mSHA |
||
| 999 |
_c95777 _d95777 |
||